000 00503nam a2200181Ia 4500
999 _c29260
_d29260
003 OSt
005 20210104101255.0
008 190216s9999||||xx |||||||||||||| ||und||
020 _a9788124016978
040 _coclc
082 _a894.8121
_bCHA/A
100 _aChacko, Chemmanam
_97459
245 0 _aAgneyastram /
_cChemmanam Chacko
260 _bCurrent Books,
_aKottayam:
_c2006.
300 _a71p
650 _aKavitha
942 _cBK
_2ddc
_h894.8121
_iCHA/A
_k894.8121
_mCHA/A